| 000 | 00828nam a2200265 a 4500 | ||
|---|---|---|---|
| 008 | |||
| 020 | _a0801312981 (pbk.) | ||
| 049 | _aMAIN | ||
| 090 | _aREFD217 | ||
| 100 | 1 | _aNolan, Cathal J. | |
| 245 | 1 | 4 |
_aThe Longman guide to world affairs / _cCathal J. Nolan. |
| 260 |
_aWhite Plains, N.Y. : _bLongman, _cc1995. |
||
| 300 |
_avi, 450 p., [23] p. of plates : _bmaps ; _c24 cm. |
||
| 650 | 0 |
_aWorld politics _yTo 1900 _xDictionaries. |
|
| 650 | 0 |
_aWorld politics _y20th century _xDictionaries. |
|
| 650 | 0 |
_aHistory, Modern _xDictionaries. |
|
| 653 | 0 |
_aWorld _aHistory |
|
| 653 | 0 |
_aPolitics _aHistory |
|
| 740 | 0 | 1 | _aGuide to world affairs. |
| 907 |
_a.b10025789 _b16-01-07 _c17-04-03 |
||
| 003 | |||
| 005 | 20230120191420.0 | ||
| 040 | _cNUST | ||
| 942 |
_cBOOKS _kREFD217 |
||
| 999 |
_c100752 _d100752 |
||